| 000 | 00675nam a2200205 a 4500 | ||
|---|---|---|---|
| 001 | 8189 | ||
| 003 | CO-ViMGA | ||
| 008 | 141112s2004 ck r 000 u spa d | ||
| 040 |
_aCO-ViMGA _bspa _cCO-ViMGA |
||
| 082 | 0 | 4 | _a659.104 V45h |
| 100 | 1 |
_aVillegas Jaramillo, Manuel Lorenzo _97958 |
|
| 245 | 1 | 0 |
_aHistorias de publicidad / _cVillegas Jaramillo Manuel Lorenzo |
| 260 |
_aBogotá, _cPlaza y Janes, _c1995 |
||
| 300 | _a262 p. | ||
| 590 | _aForma de adquisición : donacion - - Proveedor : Luis Ángel Arango | ||
| 650 | 1 | 4 |
_aHistoria de la Publicidad _97959 |
| 650 | 1 | 4 |
_aPublicidad - Historia _97960 |
| 650 | 1 | 4 |
_aPublicidad - Investigaciónes _97961 |
| 942 |
_2ddc _cBK |
||
| 999 |
_c20001 _d20001 |
||